| 000 | 00520nam a2200169 4500 | ||
|---|---|---|---|
| 001 | 121781 | ||
| 003 | ES-MaACL | ||
| 005 | 20230906191825.0 | ||
| 007 | t| | ||
| 008 | 070214s1970 sp r ||||1| spa d | ||
| 100 | 1 |
_aPortmann, Adolf. _993277 |
|
| 245 | 1 | 3 |
_aLa maravillosa vida de los pájaros / _cAdolf Portmann ; traducción de Domingo Carvallo. |
| 260 |
_aMadrid : _bIberoamericanas, _c1970. |
||
| 300 |
_a144 p. : _bil. ; _c17 cm. |
||
| 700 | 1 |
_aCarvallo, Domingo. _935970 |
|
| 852 |
_aES-MaACL _jC-50234 _bR.74394 |
||
| 999 |
_c121781 _d121781 |
||